000
00236nam a2200097Ia 4500
001
796703
005
20250826170753.0
008
250824s9999 xx 000 0 und d
245
0
_a
PETER PAN
_c
J.M.BARRİE
260
_b
SEDİR YAYINLARI A.Ş.
999
_c
796703
_d
796703